000 00305 a2200145 4500
001 72718
020 _a
040 _cAnchieta - Colégio São Paulo
240 1 0 _aOs ambientes e o clima
_lpor
245 1 0 _aOs ambientes e o clima
300 _a59
362 0 _a1990
650 4 _aEcologia
942 _cBK
999 _c72718
_d72718